| 000 | 01468nam0a2200337 4500 | ||
|---|---|---|---|
| 001 | RU\NLR\bibl\1164477 | ||
| 005 | 20250615083632.0 | ||
| 010 |
_a978-5-98314-255-8 _9500 |
||
| 021 |
_aRU _b2007-74624 _94017 |
||
| 035 | _a(NLR Aleph) 001151196 | ||
| 090 |
_a1478703 _c1478703 |
||
| 100 | _a20071207d2007 |||y0rusy50 ca | ||
| 101 | 0 | _arus | |
| 102 | _aRU | ||
| 105 | _aa ||||||||| | ||
| 200 | 1 |
_aТеоретические основы проблемы самоактуализации младших школьников в творческой деятельности _eмонография _fН.В. Уварина _gФедер. агентство по образованию РФ, ГОУ ВПО "Челяб. гос. пед. ун-т" |
|
| 210 |
_aЧелябинск _cИзд-во ИИУМЦ "Образование" _d2007 |
||
| 215 |
_a178 с. _d21 |
||
| 320 | _aБиблиогр.: с. 149-173 (389 назв.) | ||
| 606 | 1 |
_aШкольники _xРазвитие творческих способностей _92074757 _3RU\NLR\auth\661249769 |
|
| 606 | 1 |
_aШкольники _xСамоактуализация _92503946 _3RU\NLR\auth\661484878 |
|
| 686 | _aЧ421.355,01 | ||
| 686 | _aЮ983.402.1 | ||
| 686 | _aЮ984.51 | ||
| 700 | 1 |
_aУварина _bН. В. _gНаталья Владимировна _4070 |
|
| 801 | 0 |
_aRU _bNLR _c20071207 _gRCR |
|
| 801 | 1 |
_aRU _bNLR _c20071207 |
|
| 830 | _aавт. по кн. | ||
| 942 | _cBOOK | ||
| 980 | _aNB | ||